| Tag |
First Indicator |
Second Indicator |
Subfields |
| LEADER |
00000cam a2200000Ia 4500 |
| 001 |
in00002201079 |
| 005 |
20151104135724.0 |
| 008 |
990803s1910 fr c 000 p fre d |
| 035 |
|
|
|a (OCoLC)ocm43862715
|
| 040 |
|
|
|a ZCU
|c ZCU
|d TXA
|d UtOrBLW
|
| 049 |
|
|
|a TXAM
|
| 090 |
|
|
|a PQ2607.A85
|b P37 1910
|
| 100 |
1 |
|
|a Dauguet, Marie (Aubert),
|c Mme,
|d 1860-
|
| 245 |
1 |
4 |
|a Les pastorales :
|b poèmes /
|c Marie Dauget.
|
| 250 |
|
|
|a Nouv. ed.
|
| 264 |
|
1 |
|a Paris :
|b Sansot,
|c 1910.
|
| 300 |
|
|
|a 279 pages :
|b portrait ;
|c 19 cm.
|
| 336 |
|
|
|a text
|b txt
|2 rdacontent
|
| 337 |
|
|
|a unmediated
|b n
|2 rdamedia
|
| 338 |
|
|
|a volume
|b nc
|2 rdacarrier
|
| 500 |
|
|
|a At head of title: Marie Dauguet.
|
| 910 |
|
|
|a tp3107
|
| 994 |
|
|
|a 02
|b TXA
|
| 999 |
|
|
|a MARS
|
| 999 |
f |
f |
|s e66db352-d6b4-3692-b6d9-bc5fa5258c25
|i 8f868988-d795-369f-85f4-755730b28f40
|t 0
|
| 952 |
f |
f |
|p noncirc
|a Texas A&M University
|b College Station
|c Cushing Memorial Library & Archives
|d Cushing: Dawson French (Does not check out)
|t 0
|e PQ2607.A85 P37 1910
|h Library of Congress classification
|i unmediated -- volume
|
| 998 |
f |
f |
|a PQ2607.A85 P37 1910
|t 0
|l Cushing: Dawson French (Does not check out)
|